000 00334nam a2200133Ia 4500
008 231129s1979||||xx |||||||||||||| ||spa||
040 _bspa
082 _a986.102 D352c
100 _aDelgado Alvaro
245 0 _aLa Colonia : Temas de historia de Colombia
260 _c1979
264 _aEditorial Suramericana
942 _2ddc
_cBKS
999 _c16679
_d16679